01545nam a2200373 a 4500001001200000003000800012006001900020007001500039008004100054010001700095020003300112020003300145020002600178020002600204020002700230040002100257035002100278050002600299082001700325100001900342245022400361250002200585260004600607300003100653504005300684533015200737650004700889650003000936655002900966700001600995710001701011856012601028999001701154ebr10556746CaPaEBRm u cr cn|||||||||061013s2012 vaua sb 001 0 eng d z 2006033065 z1579221319 (v. 1 alk. paper) z1579221327 (v. 2 alk. paper) z9781579227692 (paper) z9781579221324 (cloth) z9781579227722 (e-book) aCaPaEBRcCaPaEBR a(OCoLC)79449418914aLB2341b.B4769 2012eb04a378.1/012221 aBess, James L.10aUnderstanding college and university organizationh[electronic resource] :btheories for effective policy and practice. Volume II, dynamics of the system /cJames L. Bess and Jay R. Dee ; foreword by D. Bruce Johnstone. a1st paperback ed. aSterling, Va. :bStylus Pub., LLC,c2012. axxxiii, 463-932 p. :bill. aIncludes bibliographical references and indexes. aElectronic reproduction.bPalo Alto, Calif. :cebrary,d2011.nAvailable via World Wide Web.nAccess may be limited to ebrary affiliated libraries. 0aUniversities and collegesxAdministration. 0aOrganizational sociology. 7aElectronic books.2local1 aDee, Jay R.2 aebrary, Inc.40uhttp://site.ebrary.com/lib/rucke/Doc?id=10556746zAn electronic book accessible through the World Wide Web; click to view c89801d89801